Physical activity and health in Europe evidence for action /
Saved in:
| Corporate Authors: | , |
|---|---|
| 其他作者: | , , |
| 格式: | 電子 電子書 |
| 語言: | 英语 |
| 出版: |
Copenhagen :
World Health Organization, Regional Office for Europe,
c2006.
|
| 主題: | |
| 在線閱讀: | An electronic book accessible through the World Wide Web; click to view |
| 標簽: |
沒有標簽, 成為第一個標記此記錄!
|
MARC
| LEADER | 00000nam a2200000Ia 4500 | ||
|---|---|---|---|
| 001 | 0000094597 | ||
| 005 | 20171002054848.0 | ||
| 006 | m u | ||
| 007 | cr cn||||||||| | ||
| 008 | 070725s2006 dk a sb 000 0 eng d | ||
| 020 | |z 9289013877 (pbk.) | ||
| 020 | |z 9789289013871 (pbk.) | ||
| 020 | |z 9789289043878 | ||
| 035 | |a (CaPaEBR)ebr10190688 | ||
| 035 | |a (OCoLC)560316819 | ||
| 040 | |a CaPaEBR |c CaPaEBR | ||
| 050 | 1 | 4 | |a RA483 |b .P497 2006eb |
| 245 | 0 | 0 | |a Physical activity and health in Europe |h [electronic resource] : |b evidence for action / |c edited by Nick Cavill, Sonja Kahlmeier and Francesca Racioppi. |
| 260 | |a Copenhagen : |b World Health Organization, Regional Office for Europe, |c c2006. | ||
| 300 | |a ix, 34 p. : |b ill. | ||
| 504 | |a Includes bibliographical references. | ||
| 533 | |a Electronic reproduction. |b Palo Alto, Calif. : |c ebrary, |d 2009. |n Available via World Wide Web. |n Access may be limited to ebrary affiliated libraries. | ||
| 650 | 0 | |a Health promotion |z Europe. | |
| 650 | 0 | |a Health status indicators |z Europe. | |
| 650 | 0 | |a Physical fitness |z Europe. | |
| 655 | 7 | |a Electronic books. |2 local | |
| 700 | 1 | |a Cavill, Nick. | |
| 700 | 1 | |a Kahlmeier, Sonja. | |
| 700 | 1 | |a Racioppi, Francesca. | |
| 710 | 2 | |a World Health Organization. |b Regional Office for Europe. | |
| 710 | 2 | |a ebrary, Inc. | |
| 856 | 4 | 0 | |u http://site.ebrary.com/lib/daystar/Doc?id=10190688 |z An electronic book accessible through the World Wide Web; click to view |
| 908 | |a 170314 | ||
| 942 | 0 | 0 | |c EB |
| 999 | |c 83752 |d 83752 | ||